000 00677nam a2200229Ia 4500
003 OSt
005 20220923220906.0
006 a|||||r|||| 00| 0
007 ta
008 220922b |||||||| |||| 00| 0 hin d
024 _a191,935
037 _cTextual
040 _aARTS
_cARTS
_bhin
041 _2hin
_ahin
082 _aS, 152J41(TPH)
100 _aचौबे, सरयूप्रसाद
245 0 _aप्रयोगात्मक मनोविज्ञान
246 _aPrayogātmak hinovijnyāna
260 _c1954
942 _hS, 152J41(TPH)
_cTEXL
_2CC
999 _c344588
_d344588